Relating to the Given Organ - Statistics

General Stats
  • This quiz has been taken 25 times
  • The average score is 11 of 24
Answer Stats
Organ Answer % Correct
Teeth Dental
89%
Pancreas Pancreatic
89%
Heart Cardiac
83%
Nose Nasal
78%
Skull Cranial
67%
Mouth Oral
67%
Skin Dermal
61%
Eye Ocular
61%
Brain Cerebral
56%
Ear Aural
50%
Lungs Pulmonary
50%
Kidney Renal
50%
Jaw Mandibular
39%
Finger Digital
33%
Intestines Enteric
33%
Stomach Gastric
33%
Blood Vessel Vascular
33%
Lungs' Air Sacs Alveolar
28%
Thigh Femoral
28%
Liver Hepatic
28%
Upper Jaw Maxillary
22%
Bone Osteal
11%
Spleen Lienal
6%
Bladder Vesical
6%
No matching quizzes found
Score Distribution
Percent of People with Each Score
Percentile by Number Answered
Your Score History
You have not taken this quiz